000 00647cab a2200217 4500
001 WB2924-03
008 090401t1993 xxu||||| |||| 00| 0 eng d
035 _a(Sirsi) u58939
041 _aeng
245 _aTender traps
260 _c1993
350 _a0
490 _aConstruction News
_v(6320) 24 June 1993, 3(1)
520 _aContractors have welcomed government guidance on locaL authority tendering that scraps loopholes used to favour direct labour.
650 _aDIRECT LABOUR ORGANISATIONS
650 _aLOCAL AUTHORITIES
650 _aTENDERING PROCEDURES
690 _aBUILT ENVIRONMENT
942 _n0
948 _c04/03/1997
999 _c36065
_d36065